000 01576cam a22004217a 4500
001 000091036
003 CHAP
005 20230531062625.0
008 030807d2002 mx r 00110 spa d
010 _a87505
011 _a88477
020 _a9688848905
035 _a99022
040 _cCHAP
090 _aFolleto 16639
100 0 0 _aCorrales García, Joel.
_928202
245 1 0 _aCaracterización, poscosecha, aprovechamiento e industrialización de pitayas y pitahayas /
_cpor Joel Corrales García.
260 _aChapingo, Méx. :
_bUACH. Centro de Investigaciones Económicas, Sociales y Tecnológicas de la Agroindustria y la Agricultura Mundial. Programa Nopal,
_c2002.
300 _a38 p.
410 0 0 _aUACH. CIESTAAM
490 1 _aReporte de investigación
_v; 65
590 _aBATCH-UPD
_b10
_c20130110
_lUCH01
_h0820
590 _aBATCH-UPD
_b10
_c20130410
_lUCH01
_h0458
590 _aBATCH-UPD
_b10
_c20130914
_lUCH01
_h1050
590 _aCONVERSION
_b10
_c20130109
_lUCH01
_h1349
590 _aE5995AHE
_b05
_c20150216
_lUCH01
_h0902
650 1 4 _aStenocereus.
_9109642
810 0 0 _aUACh. CIESTAAM
_9115844
830 0 _aReporte de investigación
_v; 65
_996000
901 _aBK
905 _aAlejandra Carrasco M.
942 _cFOLL
942 _n0
949 _aFolleto 16639
_bBC
_cTES
_d33724000935409
_eTS2
_fc.3
_gDonaciØn
_i99022
_sb
949 _aFolleto 16639
_bBC
_cTES
_d990221
_eTS1
_i99022
_sb
949 _aFolleto 16639
_bBC
_cTES
_d990222
_eTS2
_fc.2
_gDonaciØn
_i99022
_sb
949 _aFolleto 16639
_bBC
_cUACH
_d990224
_eUACH
_fc.4
_gDonaciØn
_i99022
_sb
999 _c87505
_d87505